Spell the Marvel Character #8 - Statistics

General Stats
  • This quiz has been taken 77 times
  • The average score is 7 of 8
Answer Stats
Picture Answer % Correct
Ant-Man
97%
Nick Fury
97%
Iceman
95%
Okoye
94%
Rocket Raccoon
92%
Iron Man
90%
Ms. Marvel
89%
Nightcrawler
89%
No matching quizzes found
Score Distribution
Percent of People with Each Score
Percentile by Number Answered
Your Score History
You have not taken this quiz